[Event "3ème Open de l'Ouest Toulosain "]
[Site "Colomiers 2008"]
[Date "2008.02.26"]
[Round "3.7"]
[White "Ivanova, Svetlana"]
[Black "Fomichenko, Eduard"]
[Result "0-1"]
[WhiteElo "2302"]
[BlackElo "2476"]
[PlyCount "78"]
[EventDate "2008.02.??"]
[EventType "swiss"]
[EventRounds "9"]
[EventCountry "FRA"]

1. e4 c5 2. Nf3 Nc6 3. d4 cxd4 4. Nxd4 g6 5. Nc3 Bg7 6. Be3 Nf6 7. Bc4 d6 8. f3
Qb6 9. Nf5 Qxb2 10. Nxg7+ Kf8 11. Nd5 Nxd5 12. Qxd5 Be6 13. Nxe6+ fxe6 14. Qxe6
Qxa1+ 15. Kf2 Qf6 16. Bh6+ Ke8 17. Qxf6 exf6 18. Bg7 Ke7 19. Bxh8 Rxh8 20. h4
Rc8 21. h5 g5 22. h6 Ne5 23. Bb3 b5 24. Rd1 a5 25. a4 bxa4 26. Bxa4 Nd7 27. Rd2
Nc5 28. Bb5 a4 29. c4 Ra8 30. Ke2 a3 31. Ra2 Kf7 32. Kd2 Kg6 33. Kc3 Kxh6 34.
Kb4 g4 35. Rxa3 Rxa3 36. Kxa3 gxf3 37. gxf3 Kg5 38. Kb4 h5 39. Bc6 Kf4 0-1

[Event "3ème Open de l'Ouest Toulosain "]
[Site "Colomiers 2008"]
[Date "2008.02.26"]
[Round "3.8"]
[White "Babaev, Rashad"]
[Black "Moiseev, Igor"]
[Result "1-0"]
[WhiteElo "2468"]
[BlackElo "2243"]
[PlyCount "71"]
[EventDate "2008.02.??"]
[EventType "swiss"]
[EventRounds "9"]
[EventCountry "FRA"]

1. e4 c5 2. Nf3 d6 3. d4 cxd4 4. Nxd4 Nf6 5. Nc3 a6 6. Be2 e5 7. Nb3 Be7 8. O-O
O-O 9. a4 Be6 10. Bf3 Nbd7 11. Re1 Rc8 12. a5 h6 13. Be3 Qc7 14. Nc1 Nc5 15.
N1a2 Rfe8 16. Nb4 Ncd7 17. Qd2 Qc4 18. Ra4 Qc7 19. Rc1 Bd8 20. h3 Nc5 21. Raa1
Qe7 22. Rd1 Bc7 23. Nbd5 Nxd5 24. exd5 Bf5 25. Bxc5 dxc5 26. d6 Bxd6 27. Qxd6
Bxc2 28. Qxe7 Rxe7 29. Nd5 Ree8 30. Rd2 Bf5 31. Nb6 Rc7 32. Rad1 e4 33. Bg4
Bxg4 34. hxg4 e3 35. fxe3 Rxe3 36. Nd5 1-0

[Event "3ème Open de l'Ouest Toulosain "]
[Site "Colomiers 2008"]
[Date "2008.02.26"]
[Round "3.9"]
[White "Sasu Ducsoara, Andreea"]
[Black "Libiszewski, Fabien"]
[Result "1-0"]
[WhiteElo "2223"]
[BlackElo "2468"]
[PlyCount "77"]
[EventDate "2008.02.??"]
[EventType "swiss"]
[EventRounds "9"]
[EventCountry "FRA"]

1. e4 c5 2. Nf3 Nc6 3. d4 cxd4 4. Nxd4 e5 5. Nb5 d6 6. c4 Be7 7. N1c3 a6 8. Na3
f5 9. Nc2 Nf6 10. exf5 Bxf5 11. Ne3 Bg6 12. Bd3 e4 13. Be2 Ne5 14. O-O Rc8 15.
b3 O-O 16. Ned5 Kh8 17. Ba3 Rc6 18. Qd4 Nxd5 19. Nxd5 Bh4 20. Rad1 Nf3+ 21.
Bxf3 exf3 22. g3 Bg5 23. h4 Bh6 24. Rfe1 Re8 25. Bb2 Bc2 26. Ra1 Rc8 27. Ne3
Re4 28. Qc3 Rxh4 29. Nxc2 Qf8 30. Nd4 Rxd4 31. Qxd4 Qf5 32. Qh4 Bg5 33. Qh5 h6
34. Rad1 Qc2 35. Rxd6 Qxb2 36. Re8+ Rxe8 37. Qxe8+ Kh7 38. Qg6+ Kg8 39. Re6 1-0

[Event "3ème Open de l'Ouest Toulosain "]
[Site "Colomiers 2008"]
[Date "2008.02.26"]
[Round "3.10"]
[White "Kasparov, Sergey"]
[Black "Iwanesko, Alexandre"]
[Result "1-0"]
[WhiteElo "2458"]
[BlackElo "2010"]
[PlyCount "89"]
[EventDate "2008.02.??"]
[EventType "swiss"]
[EventRounds "9"]
[EventCountry "FRA"]

1. e4 c5 2. Nf3 e6 3. d4 cxd4 4. Nxd4 a6 5. Bd3 Nf6 6. O-O Qc7 7. Qe2 d6 8. c4
Be7 9. b3 O-O 10. Bb2 Nbd7 11. Nc3 b6 12. Rae1 Bb7 13. Bb1 Rfd8 14. Qe3 Rac8
15. Qh3 Nf8 16. Kh1 Ng6 17. f4 e5 18. fxe5 dxe5 19. Nf5 Bb4 20. Qf3 Ne8 21. Ne3
Nf6 22. a3 Bxc3 23. Bxc3 Nf4 24. Bxe5 Qxe5 25. Qxf4 Re8 26. Qxe5 Rxe5 27. Nd5
Nd7 28. Kg1 Rce8 29. Rd1 Nc5 30. b4 Nxe4 31. Bxe4 Rxe4 32. Nxb6 Re2 33. Nd5 Kf8
34. h3 Rc2 35. Rc1 Ra2 36. Rf3 Ree2 37. Rg3 Red2 38. Nf4 h6 39. h4 Rd4 40. Rf1
Rxc4 41. Ne6+ Ke7 42. Nxg7 Rcc2 43. Nf5+ Kd7 44. Ne3 Rxa3 45. Rxf7+ 1-0

[Event "3ème Open de l'Ouest Toulosain "]
[Site "Colomiers 2008"]
[Date "2008.02.26"]
[Round "3.20"]
[White "Blesing, Rene"]
[Black "Cesbron, Guy"]
[Result "1-0"]
[WhiteElo "1880"]
[BlackElo "2108"]
[PlyCount "61"]
[EventDate "2008.02.??"]
[EventType "swiss"]
[EventRounds "9"]
[EventCountry "FRA"]

1. e4 e6 2. d4 d5 3. exd5 exd5 4. Nf3 Bd6 5. Bd3 Ne7 6. Bg5 O-O 7. Nc3 c6 8.
O-O f6 9. Be3 Bg4 10. Ne2 Re8 11. Ng3 Nd7 12. h3 Be6 13. Nh4 Nf8 14. Nh5 Nfg6
15. Nxg7 Kxg7 16. Qh5 Rh8 17. Bh6+ Kf7 18. f4 f5 19. g4 Qd7 20. gxf5 Nxf5 21.
Nxf5 Bxf5 22. Bxf5 Qe7 23. Rae1 Qf6 24. Be6+ Ke8 25. f5 Qxd4+ 26. Kh1 Kd8 27.
fxg6 hxg6 28. Qxg6 Rxh6 29. Qxh6 Kc7 30. Rf7+ Kb6 31. Qe3 1-0

[Event "3ème Open de l'Ouest Toulosain "]
[Site "Colomiers 2008"]
[Date "2008.02.26"]
[Round "3.26"]
[White "Laurain, Dominique"]
[Black "Heinzel, Lisette"]
[Result "1-0"]
[WhiteElo "2035"]
[BlackElo "1820"]
[PlyCount "33"]
[EventDate "2008.02.??"]
[EventType "swiss"]
[EventRounds "9"]
[EventCountry "FRA"]

1. d4 c5 2. d5 e6 3. c4 exd5 4. cxd5 d6 5. Nc3 Nf6 6. e4 g6 7. f4 Nbd7 8. Nf3
Bg7 9. e5 dxe5 10. fxe5 Nxe5 11. Nxe5 Qe7 12. Bf4 Nd7 13. d6 Qf6 14. Nd5 Qxd6
15. Nxd7 Qe6+ 16. Be2 Qxd7 17. Bb5 1-0

[Event "3ème Open de l'Ouest Toulosain "]
[Site "Colomiers 2008"]
[Date "2008.02.27"]
[Round "4.1"]
[White "Fomichenko, Eduard"]
[Black "Arutinian, David"]
[Result "1/2-1/2"]
[WhiteElo "2476"]
[BlackElo "2576"]
[PlyCount "178"]
[EventDate "2008.02.??"]
[EventType "swiss"]
[EventRounds "9"]
[EventCountry "FRA"]

1. Nf3 Nf6 2. c4 e6 3. g3 a6 4. Bg2 b5 5. Nd4 d5 6. cxd5 Nxd5 7. O-O c5 8. Nf3
Bb7 9. Nc3 Be7 10. Nxd5 Bxd5 11. d3 O-O 12. Qc2 Nc6 13. Bd2 e5 14. Bc3 f6 15.
Nh4 Bxg2 16. Nxg2 Qd7 17. a4 Kh8 18. axb5 axb5 19. Rfc1 Qe6 20. Qd1 b4 21. Bd2
Nd4 22. Be3 Nb3 23. Rxa8 Rxa8 24. Rb1 c4 25. Qc2 cxd3 26. Qxd3 Rd8 27. Qb5 Qf5
28. Rf1 Qc2 29. Bb6 Rb8 30. Qd7 Bf8 31. Bc7 Ra8 32. Ne3 Qe4 33. Qd5 Qxd5 34.
Nxd5 Ra2 35. Rd1 Kg8 36. f4 exf4 37. Nxf4 Rxb2 38. Rd8 Rd2 39. Nd3 Kf7 40. Bd6
Bxd6 41. Rxd6 Ke7 42. Rd5 Rxe2 43. Nxb4 Ke6 44. Rd3 Nc5 45. Ra3 g5 46. Ra2 Re1+
47. Kg2 Rd1 48. Re2+ Kf7 49. Nc2 h5 50. Ne3 Rd3 51. Nf5 Rd5 52. Ne3 Re5 53. Rc2
Nd3 54. Rc7+ Kg6 55. Kf3 Rb5 56. h3 Ne5+ 57. Kf2 Rb2+ 58. Rc2 Rb3 59. Rc7 Rb2+
60. Rc2 Rb4 61. Rc7 Ra4 62. Ke2 Ra2+ 63. Rc2 Ra1 64. Kf2 h4 65. gxh4 gxh4 66.
Rc8 Ra2+ 67. Rc2 Ra3 68. Rc8 Kg5 69. Rg8+ Kf4 70. Ng2+ Ke4 71. Nxh4 Rxh3 72.
Ng6 Nd3+ 73. Kg2 Rh5 74. Re8+ Kf5 75. Ne7+ Kg4 76. Rg8+ Kf4 77. Rd8 Rg5+ 78.
Kf1 Ke4 79. Rf8 Rg7 80. Rxf6 Rxe7 81. Rf8 Ra7 82. Re8+ Kf3 83. Rf8+ Nf4 84. Ke1
Rc7 85. Rf5 Rd7 86. Rf8 Ra7 87. Kd1 Ra2 88. Re8 {
Ke3 Rd8+ Kd4 [%clk 0:03:18] Ke1} Nd5 {
Kf1 Rh2 [%clk 0:03:19] Re8+ Ke4 [%clk 0:03:42]} 89. Rf8+ {Kf3 Ke1} Nf4 {
[%clk 0:03:20]} 1/2-1/2

[Event "3ème Open de l'Ouest Toulosain "]
[Site "Colomiers 2008"]
[Date "2008.02.27"]
[Round "4.2"]
[White "Babaev, Rashad"]
[Black "Abbasov, Farid"]
[Result "1/2-1/2"]
[WhiteElo "2468"]
[BlackElo "2519"]
[PlyCount "29"]
[EventDate "2008.02.??"]
[EventType "swiss"]
[EventRounds "9"]
[EventCountry "FRA"]

1. Nf3 c5 2. e4 g6 3. c4 Bg7 4. d4 cxd4 5. Nxd4 Nc6 6. Be3 Nf6 7. Nc3 O-O 8.
Be2 d6 9. O-O Bd7 10. Qd2 Nxd4 11. Bxd4 Bc6 12. f3 Nd7 13. Be3 a5 14. Rac1 Nc5
15. Rfd1 1/2-1/2

[Event "3ème Open de l'Ouest Toulosain "]
[Site "Colomiers 2008"]
[Date "2008.02.27"]
[Round "4.3"]
[White "Abergel, Thal"]
[Black "Kasparov, Sergey"]
[Result "0-1"]
[WhiteElo "2517"]
[BlackElo "2458"]
[PlyCount "140"]
[EventDate "2008.02.??"]
[EventType "swiss"]
[EventRounds "9"]
[EventCountry "FRA"]

1. e4 d5 2. exd5 Qxd5 3. Nc3 Qa5 4. d4 Nf6 5. Bd2 c6 6. Bc4 Qc7 7. Qe2 g6 8.
O-O-O Bg7 9. Re1 e6 10. h4 b5 11. Bd3 Nbd7 12. Nf3 Bb7 13. Ng5 Nb6 14. h5 gxh5
15. Rh4 Qe7 16. Bf5 Bc8 17. Kb1 Bd7 18. Bf4 Nbd5 19. Nxd5 cxd5 20. Bd3 a6 21.
Be5 h6 22. Nf3 Rg8 23. g3 Rc8 24. Nd2 Bc6 25. f3 Nd7 26. Bxg7 Rxg7 27. Rxh5 Qf6
28. Qf2 Ke7 29. Rf5 Qg6 30. g4 Kf8 31. Rh5 Qf6 32. Reh1 Qf4 33. Rxh6 Ke7 34.
R6h4 a5 35. Nf1 b4 36. Ng3 Nf6 37. Nh5 Nxh5 38. gxh5 Qh6 39. Rg4 Rcg8 40. Qg3
Kd7 41. Rxg7 Rxg7 42. Qh2 a4 43. f4 Rg4 44. f5 a3 45. fxe6+ fxe6 46. Rf1 Qe3
47. Qe5 Qxe5 48. dxe5 Rh4 49. Bg6 d4 50. b3 Bg2 51. Rf7+ Kc6 52. Kc1 Kd5 53.
Kd2 Kxe5 54. Rf2 Bd5 55. Ke2 Be4 56. Rf8 Bxg6 57. hxg6 Rg4 58. Rg8 Ke4 59. Kf2
e5 60. Rg7 Kf5 61. Rb7 Rxg6 62. Rxb4 Rc6 63. Rc4 Rxc4 64. bxc4 e4 65. Kg3 Ke5
66. c5 Kd5 67. Kf4 e3 68. Kf3 Kxc5 69. c3 Kc4 70. cxd4 Kd3 0-1

[Event "3ème Open de l'Ouest Toulosain "]
[Site "Colomiers 2008"]
[Date "2008.02.27"]
[Round "4.4"]
[White "Mateo, Ramon"]
[Black "Doncea, Vladimir"]
[Result "1/2-1/2"]
[WhiteElo "2484"]
[BlackElo "2444"]
[PlyCount "78"]
[EventDate "2008.02.??"]
[EventType "swiss"]
[EventRounds "9"]
[EventCountry "FRA"]

1. e4 e6 2. c4 c5 3. Nf3 Nc6 4. b3 e5 5. Be2 Nge7 6. Nc3 g6 7. a3 Bg7 8. Rb1 a5
9. d3 d6 10. Nd5 O-O 11. Bg5 f6 12. Be3 h6 13. Qc1 Kh7 14. h4 Nd4 15. Bxd4 exd4
16. h5 g5 17. g4 Bxg4 18. Nxg5+ fxg5 19. Bxg4 Nxd5 20. cxd5 Qe7 21. Qc2 Rf4 22.
Qe2 b5 23. Kf1 Kh8 24. Kg2 Qe5 25. f3 Qe7 26. b4 axb4 27. axb4 c4 28. Ra1 Rff8
29. Rxa8 Rxa8 30. dxc4 d3 31. Qxd3 Ra2+ 32. Kh3 Qe5 33. Qb1 Ra3 34. Qc1 Rc3 35.
Qa1 Qf4 36. Qa8+ Bf8 37. Qa1 Bg7 38. Qa8+ Bf8 39. Qa1 Bg7 1/2-1/2

[Event "3ème Open de l'Ouest Toulosain "]
[Site "Colomiers 2008"]
[Date "2008.02.27"]
[Round "4.6"]
[White "Collas, Didier"]
[Black "Prasad, Devaki V"]
[Result "1-0"]
[WhiteElo "2441"]
[BlackElo "2409"]
[PlyCount "49"]
[EventDate "2008.02.??"]
[EventType "swiss"]
[EventRounds "9"]
[EventCountry "FRA"]

1. Nf3 d5 2. d4 Nf6 3. c4 dxc4 4. e3 e6 5. Bxc4 a6 6. O-O Nbd7 7. a4 b6 8. Nc3
Bb7 9. e4 Nxe4 10. Nxe4 Bxe4 11. Ng5 Nf6 12. Nxe4 Nxe4 13. Re1 Nf6 14. d5 e5
15. Rxe5+ Be7 16. Qe2 Nd7 17. Re3 a5 18. b3 Kf8 19. Bb2 Bf6 20. d6 Bxb2 21.
dxc7 Qf6 22. Rd1 Ne5 23. Qxb2 Nxc4 24. bxc4 h5 25. c5 1-0

[Event "3ème Open de l'Ouest Toulosain "]
[Site "Colomiers 2008"]
[Date "2008.02.27"]
[Round "4.9"]
[White "Marholev, Dimitar"]
[Black "Troubat, Michael"]
[Result "1-0"]
[WhiteElo "2401"]
[BlackElo "2085"]
[PlyCount "33"]
[EventDate "2008.02.??"]
[EventType "swiss"]
[EventRounds "9"]
[EventCountry "FRA"]

1. e4 e6 2. d4 d5 3. Nd2 c5 4. Ngf3 Nc6 5. exd5 exd5 6. Bb5 Bd6 7. dxc5 Bxc5 8.
O-O Nge7 9. Nb3 Bd6 10. Bg5 Bg4 11. Bh4 O-O 12. Bg3 Bxg3 13. hxg3 Qb6 14. Bd3
Rfe8 15. Bxh7+ Kf8 16. Bd3 Ne5 17. Nxe5 1-0

[Event "3ème Open de l'Ouest Toulosain "]
[Site "Colomiers 2008"]
[Date "2008.02.27"]
[Round "4.10"]
[White "Wehmeier, Manuel"]
[Black "Nepeina Leconte, Maria"]
[Result "0-1"]
[WhiteElo "2012"]
[BlackElo "2345"]
[PlyCount "82"]
[EventDate "2008.02.??"]
[EventType "swiss"]
[EventRounds "9"]
[EventCountry "FRA"]

1. d4 e6 2. c4 f5 3. Nc3 Nf6 4. g3 d5 5. Bg2 c6 6. a3 Bd6 7. c5 Bc7 8. f4 a5 9.
Bd2 Ne4 10. Bxe4 dxe4 11. e3 b6 12. b4 axb4 13. axb4 Rxa1 14. Qxa1 Na6 15. Qa3
bxc5 16. bxc5 g5 17. Nge2 gxf4 18. exf4 h5 19. h4 Rg8 20. Nd1 Nb8 21. Ne3 Ba6
22. Qa2 Ke7 23. Rh3 Bd3 24. Bc3 Nd7 25. Nc1 Nf6 26. d5 Nxd5 27. Nxd5+ Qxd5 28.
Qxd5 cxd5 29. Nxd3 exd3 30. Kd2 Kd7 31. Kxd3 Kc6 32. Bd4 Ba5 33. Bf2 Rb8 34.
Rh1 Rb3+ 35. Ke2 Bb4 36. Ra1 Bxc5 37. Be1 d4 38. Ra6+ Kd5 39. Ra8 d3+ 40. Kd1
Rb1+ 41. Kd2 Ke4 0-1

[Event "3ème Open de l'Ouest Toulosain "]
[Site "Colomiers 2008"]
[Date "2008.02.27"]
[Round "4.11"]
[White "Leconte, Jean Olivier"]
[Black "Laurain, Dominique"]
[Result "1-0"]
[WhiteElo "2316"]
[BlackElo "2035"]
[PlyCount "85"]
[EventDate "2008.02.??"]
[EventType "swiss"]
[EventRounds "9"]
[EventCountry "FRA"]

1. d4 Nf6 2. Nc3 d5 3. Bg5 e6 4. e4 Bb4 5. e5 h6 6. Bc1 Ne4 7. Qg4 g6 8. Nge2
c5 9. a3 Bxc3+ 10. bxc3 cxd4 11. cxd4 Qc7 12. f3 Nc3 13. Bd2 Nxe2 14. Bxe2 Nc6
15. Rb1 Qe7 16. Rb3 Rb8 17. O-O h5 18. Qf4 Bd7 19. Rfb1 b6 20. Bb5 O-O 21. Bxc6
Bxc6 22. Bb4 Qd7 23. Bxf8 Rxf8 24. g4 Ba4 25. Rc3 h4 26. Kg2 Rc8 27. Qd2 Kg7
28. Kh3 Rh8 29. Rb4 Bb5 30. Rb1 Bc4 31. Qg5 Qa4 32. Kg2 Qa5 33. Qe3 b5 34. f4
Qb6 35. Qf2 a5 36. Rf3 b4 37. axb4 axb4 38. Qd2 Rb8 39. f5 exf5 40. gxf5 Qa7
41. f6+ Kh7 42. Rh3 Qa2 43. Rxh4+ 1-0

[Event "3ème Open de l'Ouest Toulosain "]
[Site "Colomiers 2008"]
[Date "2008.02.27"]
[Round "4.13"]
[White "Peric, Slavisa"]
[Black "Hervet, Gilles"]
[Result "1-0"]
[WhiteElo "2258"]
[BlackElo "2010"]
[PlyCount "23"]
[EventDate "2008.02.??"]
[EventType "swiss"]
[EventRounds "9"]
[EventCountry "FRA"]

1. d4 d5 2. Nf3 Nc6 3. Bf4 Bg4 4. e3 e6 5. c3 Bd6 6. Bg3 f5 7. Nbd2 Nf6 8. Qb3
Bxf3 9. gxf3 Qd7 10. Qxb7 Ke7 11. Bb5 Rhb8 12. Qxc6 1-0

[Event "3ème Open de l'Ouest Toulosain "]
[Site "Colomiers 2008"]
[Date "2008.02.27"]
[Round "4.19"]
[White "Delay, Guillaume"]
[Black "Collas, Silvia"]
[Result "0-1"]
[WhiteElo "1840"]
[BlackElo "2405"]
[PlyCount "112"]
[EventDate "2008.02.??"]
[EventType "swiss"]
[EventRounds "9"]
[EventCountry "FRA"]

1. e4 c5 2. Nc3 e6 3. Nf3 a6 4. d4 cxd4 5. Nxd4 Qc7 6. g3 b5 7. a3 Bb7 8. Bg2
Nf6 9. O-O Nc6 10. Be3 Ne5 11. f4 Nc4 12. Bc1 Bc5 13. Kh1 h5 14. Qd3 h4 15.
gxh4 Rxh4 16. Ndxb5 axb5 17. Nxb5 Qc6 18. Qxc4 Nxe4 19. Rf3 Nd2 20. Bxd2 Qxf3
21. Nd6+ Bxd6 22. Bxf3 Bxf3+ 23. Kg1 Bd5 24. Qe2 Rc8 25. Be3 Rh3 26. b4 g5 27.
fxg5 Bxh2+ 28. Qxh2 Rxh2 29. Kxh2 Rxc2+ 30. Kg3 Rg2+ 31. Kf4 d6 32. b5 Re2 33.
Bc1 e5+ 34. Kg3 Kd7 35. a4 Bc4 36. Rb1 Kc7 37. Rb2 Re1 38. Bd2 Rg1+ 39. Kf2
Rf1+ 40. Ke3 d5 41. a5 Rf5 42. a6 Rxg5 43. Ba5+ Kb8 44. Bd8 Rg3+ 45. Kf2 Rg6
46. Be7 f5 47. Bc5 f4 48. Ke1 d4 49. Rb4 Bd5 50. Ra4 f3 51. b6 Bc6 52. Rb4 Be4
53. Ra4 Rg1+ 54. Kd2 f2 55. Bd6+ Ka8 56. Rc4 Rd1+ 0-1

[Event "3ème Open de l'Ouest Toulosain "]
[Site "Colomiers 2008"]
[Date "2008.02.27"]
[Round "4.21"]
[White "Bolon, Karelle"]
[Black "Doucet, Romain"]
[Result "0-1"]
[WhiteElo "2105"]
[BlackElo "1900"]
[PlyCount "70"]
[EventDate "2008.02.??"]
[EventType "swiss"]
[EventRounds "9"]
[EventCountry "FRA"]

1. e4 c5 2. Nc3 e6 3. Nf3 a6 4. d4 cxd4 5. Nxd4 b5 6. Bd3 Bb7 7. O-O d6 8. Kh1
Nd7 9. f4 Ngf6 10. a3 Be7 11. Nf3 Qc7 12. Qe1 Nc5 13. Bd2 d5 14. e5 Nfe4 15.
Nd4 h5 16. Bxe4 Nxe4 17. Nxe4 dxe4 18. Qg3 h4 19. Qxg7 O-O-O 20. Be3 h3 21. g3
Qc4 22. Rae1 Bc5 23. c3 Qd3 24. Qxf7 Bxd4 25. cxd4 Rxd4 26. Qxe6+ Kb8 27. Kg1
Rc8 28. Rf2 Rc2 29. Qxh3 Rxf2 30. Kxf2 Rd8 31. Re2 Rc8 32. Qe6 Qb1 33. Qd6+ Ka8
34. Qb6 Kb8 35. Qa7+ Kc7 0-1

[Event "3ème Open de l'Ouest Toulosain "]
[Site "Colomiers 2008"]
[Date "2008.02.28"]
[Round "6.1"]
[White "Kasparov, Sergey"]
[Black "Mateo, Ramon"]
[Result "1/2-1/2"]
[WhiteElo "2458"]
[BlackElo "2484"]
[PlyCount "33"]
[EventDate "2008.02.??"]
[EventType "swiss"]
[EventRounds "9"]
[EventCountry "FRA"]

1. d4 Nf6 2. Nf3 b5 3. e3 a6 4. Be2 Bb7 5. O-O e6 6. b3 c5 7. Bb2 Be7 8. Nbd2
d6 9. c4 b4 10. dxc5 dxc5 11. Qc2 Nbd7 12. Ne5 Nxe5 13. Bxe5 Nd7 14. Bb2 Bf6
15. Bf3 Bxf3 16. Nxf3 Qc7 17. Qd1 1/2-1/2

[Event "3ème Open de l'Ouest Toulosain "]
[Site "Colomiers 2008"]
[Date "2008.02.28"]
[Round "5.2"]
[White "Arutinian, David"]
[Black "Babaev, Rashad"]
[Result "1/2-1/2"]
[WhiteElo "2576"]
[BlackElo "2468"]
[PlyCount "42"]
[EventDate "2008.02.??"]
[EventType "swiss"]
[EventRounds "9"]
[EventCountry "FRA"]

1. d4 Nf6 2. c4 g6 3. Nf3 Bg7 4. g3 O-O 5. Bg2 d6 6. Nc3 Nc6 7. O-O a6 8. Qd3
e5 9. dxe5 dxe5 10. Qxd8 Rxd8 11. Bg5 Re8 12. Nd2 h6 13. Bxf6 Bxf6 14. Nd5 Bd8
15. c5 Be6 16. Nc4 Nb4 17. Rfd1 Rb8 18. e3 Bxd5 19. Bxd5 e4 20. a3 Nd3 21. Nd2
Nxc5 1/2-1/2

[Event "3ème Open de l'Ouest Toulosain "]
[Site "Colomiers 2008"]
[Date "2008.02.28"]
[Round "5.4"]
[White "Sasu Ducsoara, Andreea"]
[Black "Fomichenko, Eduard"]
[Result "1/2-1/2"]
[WhiteElo "2223"]
[BlackElo "2476"]
[PlyCount "103"]
[EventDate "2008.02.??"]
[EventType "swiss"]
[EventRounds "9"]
[EventCountry "FRA"]

1. e4 c5 2. Nf3 e6 3. d4 cxd4 4. Nxd4 Nc6 5. Nc3 Qc7 6. Be2 a6 7. Be3 Nf6 8. a3
b5 9. f4 b4 10. axb4 Bxb4 11. Bf3 d5 12. e5 Ne4 13. Bxe4 dxe4 14. Ndb5 Qb8 15.
Nd6+ Bxd6 16. Qxd6 Qxd6 17. exd6 Nb4 18. O-O-O f5 19. Bc5 Rb8 20. Na4 Nd5 21.
g3 Bd7 22. Rd4 Kf7 23. Ba3 a5 24. Nc5 Bc6 25. Nb3 Ra8 26. Nd2 Nb6 27. Nc4 Nxc4
28. Rxc4 Rac8 29. Re1 Rhd8 30. Re3 Bd7 31. Rc7 e5 32. fxe5 Ke6 33. b3 Kxe5 34.
Bb2+ Kxd6 35. Rxc8 Rxc8 36. Bxg7 a4 37. bxa4 Bxa4 38. Rc3 Bc6 39. Kd2 Rg8 40.
Bh6 Ra8 41. Ra3 Ba4 42. Ke3 Kd5 43. Bf4 Ra6 44. c3 Kc4 45. Be5 h5 46. Bd4 Ra8
47. Be5 Kb5 48. Ra1 Kc4 49. Ra3 Ra6 50. Bd4 Kb5 51. Ra1 Kc4 52. Ra3 1/2-1/2

[Event "3ème Open de l'Ouest Toulosain "]
[Site "Colomiers 2008"]
[Date "2008.02.28"]
[Round "5.5"]
[White "Doncea, Vladimir"]
[Black "Abergel, Thal"]
[Result "1/2-1/2"]
[WhiteElo "2444"]
[BlackElo "2517"]
[PlyCount "172"]
[EventDate "2008.02.??"]
[EventType "swiss"]
[EventRounds "9"]
[EventCountry "FRA"]

1. d4 d5 2. Nf3 Nf6 3. c4 c6 4. Qc2 e6 5. g3 Be7 6. Bg2 O-O 7. O-O dxc4 8. Qxc4
b5 9. Qd3 Bb7 10. Nc3 Nbd7 11. Bg5 h6 12. Bxf6 Bxf6 13. Rfd1 a5 14. Rac1 Qb8
15. Ne4 Be7 16. Ne5 Rd8 17. Nxd7 Rxd7 18. Nc5 Bxc5 19. Rxc5 Rd6 20. Rdc1 Qe8
21. Qe4 Rad8 22. e3 Rd5 23. Qc2 Rxc5 24. Qxc5 e5 25. dxe5 Rd2 26. Qa7 Qd7 27.
Qb8+ Kh7 28. Be4+ g6 29. h4 h5 30. e6 Qxe6 31. Qxb7 Qxe4 32. Qxf7+ Kh8 33. Qf6+
Kh7 34. Qc3 Qd5 35. e4 Qd4 36. Qxd4 Rxd4 37. Rxc6 Rxe4 38. Rc7+ Kh6 39. Kf1 Ra4
40. a3 b4 41. axb4 Rxb4 42. Rc2 Rb3 43. Ke2 a4 44. Rd2 Kg7 45. Kd1 a3 46. bxa3
Rxa3 47. Ke2 Kf6 48. Rd3 Ra4 49. Rf3+ Kg7 50. Rb3 Kf6 51. Ke3 Ra2 52. Rb4 Rc2
53. Rf4+ Kg7 54. Ra4 Kf6 55. f3 Rb2 56. Kf4 Rb6 57. Ke4 Re6+ 58. Kd4 Rd6+ 59.
Ke3 Re6+ 60. Re4 Ra6 61. Rd4 Re6+ 62. Kd3 Ra6 63. g4 hxg4 64. fxg4 Rb6 65. Ke4
Ke6 66. Rc4 Ra6 67. Rb4 Rc6 68. Kf3 Ra6 69. Rf4 Ra3+ 70. Kg2 Ke7 71. Rf3 Ra1
72. g5 Rb1 73. Kg3 Ra1 74. Kg4 Rg1+ 75. Kh3 Rh1+ 76. Kg3 Rg1+ 77. Kh2 Ra1 78.
Rf4 Ra3 79. Kg2 Rb3 80. Rf6 Rb2+ 81. Kf3 Rb3+ 82. Kg4 Rb4+ 83. Rf4 Rb2 84. Rf6
Rb4+ 85. Kg3 Rb3+ 86. Rf3 Rb4 1/2-1/2

[Event "3ème Open de l'Ouest Toulosain "]
[Site "Colomiers 2008"]
[Date "2008.02.28"]
[Round "5.6"]
[White "Ivanova, Svetlana"]
[Black "Miladinovic, Igor"]
[Result "0-1"]
[WhiteElo "2302"]
[BlackElo "2604"]
[PlyCount "100"]
[EventDate "2008.02.??"]
[EventType "swiss"]
[EventRounds "9"]
[EventCountry "FRA"]

1. e4 c5 2. Nf3 Nc6 3. d4 cxd4 4. Nxd4 Qc7 5. Nc3 e6 6. Be2 a6 7. O-O Nf6 8.
Be3 Bb4 9. Na4 Be7 10. Nxc6 bxc6 11. Nb6 Rb8 12. Nxc8 Qxc8 13. e5 Nd5 14. Bd4
c5 15. c4 cxd4 16. cxd5 Qc5 17. Bf3 Bg5 18. Be4 Bf4 19. g3 Bxe5 20. dxe6 fxe6
21. Qd3 Ke7 22. Qxa6 Rxb2 23. Qd3 Qa5 24. a4 Rd2 25. Qf3 g6 26. Qg4 Bf6 27.
Rfb1 d3 28. Rb5 Qa7 29. Rf1 Qxa4 30. Rb7 Re2 31. Bf3 Qxg4 32. Bxg4 Re4 33. Bf3
Rd4 34. Rd1 e5 35. Bg2 e4 36. h4 Rc8 37. Kf1 Be5 38. Rb5 d5 39. Rb7+ Rc7 40.
Rb3 Rc2 41. Rb7+ Kd6 42. Rxh7 Bxg3 43. Rh6 Rxf2+ 44. Kg1 Rf6 45. Bf1 Bf2+ 46.
Kg2 Be3 47. Rh7 Rb4 48. h5 Rb2+ 49. Kh3 gxh5 50. Rxh5 Rbf2 0-1

[Event "3ème Open de l'Ouest Toulosain "]
[Site "Colomiers 2008"]
[Date "2008.02.28"]
[Round "5.7"]
[White "Peric, Slavisa"]
[Black "Barsov, Alexei"]
[Result "0-1"]
[WhiteElo "2258"]
[BlackElo "2521"]
[PlyCount "76"]
[EventDate "2008.02.??"]
[EventType "swiss"]
[EventRounds "9"]
[EventCountry "FRA"]

1. e4 Nf6 2. Nc3 d5 3. e5 Nfd7 4. d4 e6 5. Nf3 c5 6. dxc5 Nc6 7. Bf4 Be7 8. Bg3
Nxc5 9. Bd3 Qb6 10. Rb1 d4 11. Ne2 Qa5+ 12. c3 dxc3 13. Nxc3 O-O 14. Bc4 a6 15.
O-O b5 16. Bb3 Bb7 17. Bc2 b4 18. Ne4 Nxe5 19. Nxe5 Nxe4 20. Qd7 Nxg3 21. Qxb7
Ne2+ 22. Kh1 Qxe5 23. Qxe7 Nd4 24. Bd3 a5 25. Rfd1 g6 26. h3 Rac8 27. Qh4 Nf5
28. Qg5 h6 29. Qg4 Rfd8 30. Ba6 Rxd1+ 31. Qxd1 Rc6 32. Bd3 Rd6 33. Qf1 Nh4 34.
b3 Nxg2 35. Bxg6 Nh4 36. Re1 Qf4 37. Be4 Rd2 38. Qb5 Nf3 0-1

[Event "3ème Open de l'Ouest Toulosain "]
[Site "Colomiers 2008"]
[Date "2008.02.28"]
[Round "5.8"]
[White "Sanchez Rojo, Gustavo"]
[Black "Libiszewski, Fabien"]
[Result "0-1"]
[WhiteElo "2245"]
[BlackElo "2468"]
[PlyCount "50"]
[EventDate "2008.02.??"]
[EventType "swiss"]
[EventRounds "9"]
[EventCountry "FRA"]

1. e4 e6 2. d4 d5 3. Nc3 Nf6 4. e5 Nfd7 5. f4 c5 6. Nf3 Nc6 7. Be3 Be7 8. Qd2
O-O 9. O-O-O Qa5 10. Kb1 c4 11. Ne2 Bb4 12. c3 Be7 13. g4 b5 14. f5 b4 15. Bh3
Rb8 16. Ka1 b3 17. Nc1 Ba3 18. Ne2 Be7 19. Nc1 bxa2 20. Qc2 Ba3 21. b4 cxb3 22.
Nxb3 Qa4 23. Nfd2 Na5 24. Qxa2 Nxb3+ 25. Nxb3 Rxb3 0-1

[Event "3ème Open de l'Ouest Toulosain "]
[Site "Colomiers 2008"]
[Date "2008.02.28"]
[Round "5.9"]
[White "Moiseev, Igor"]
[Black "Marholev, Dimitar"]
[Result "1/2-1/2"]
[WhiteElo "2243"]
[BlackElo "2401"]
[PlyCount "87"]
[EventDate "2008.02.??"]
[EventType "swiss"]
[EventRounds "9"]
[EventCountry "FRA"]

1. e4 e5 2. Nf3 Nc6 3. Bb5 g6 4. c3 a6 5. Bc4 Bg7 6. d4 d6 7. Be3 Qe7 8. dxe5
Nxe5 9. Nxe5 dxe5 10. b4 Be6 11. Qb3 Bxc4 12. Qxc4 Nf6 13. O-O O-O-O 14. Nd2
Ng4 15. Bc5 Qe6 16. Qxe6+ fxe6 17. Nf3 Rd3 18. Rac1 Bh6 19. Rc2 Bf4 20. Be7 Re8
21. h3 Nxf2 22. Kxf2 Rxe7 23. g3 Bh6 24. Nxe5 Rd8 25. Ke2 Bg7 26. Rf7 Rxf7 27.
Nxf7 Rf8 28. Ng5 Bh6 29. Nf3 Kd7 30. c4 a5 31. b5 a4 32. Rc3 Bg7 33. Rd3+ Ke7
34. h4 Bb2 35. Kd1 c6 36. Kc2 Bg7 37. Ra3 cxb5 38. cxb5 Rc8+ 39. Kd3 Rc5 40.
Rxa4 Rxb5 41. Kc4 Rb1 42. Rb4 Rc1+ 43. Kd3 Rc3+ 44. Ke2 1/2-1/2